1981 College Football AP Poll - Statistics

General Stats
  • This quiz has been taken 21 times
  • The average score is 267 of 300
Answer Stats
Week Rank Team W L T Conference % Correct
Preseason 3 Notre Dame 0 0 Independent
100%
Week 1 (9/7) 4 Notre Dame 0 0 Independent
100%
Week 2 (9/14) 1 Notre Dame 1 0 Independent
100%
Week 3 (9/21) 13 Notre Dame 1 1 Independent
100%
Preseason 2 Oklahoma 0 0 Big Eight
100%
Week 1 (9/7) 3 Oklahoma 0 0 Big Eight
100%
Week 2 (9/14) 3 Oklahoma 1 0 Big Eight
100%
Week 3 (9/21) 2 Oklahoma 1 0 Big Eight
100%
Week 4 (9/28) 5 Oklahoma 1 1 Big Eight
100%
Week 5 (10/5) 10 Oklahoma 1 1 1 Big Eight
100%
Week 8 (10/26) 19 Oklahoma 3 2 1 Big Eight
100%
Week 9 (11/2) 17 Oklahoma 4 2 1 Big Eight
100%
Week 10 (11/9) 15 Oklahoma 5 2 1 Big Eight
100%
Postseason 20 Oklahoma 7 4 1 Big Eight
100%
Preseason 9 Texas 0 0 Southwest
100%
Week 1 (9/7) 8 Texas 0 0 Southwest
100%
Week 2 (9/14) 6 Texas 1 0 Southwest
100%
Week 3 (9/21) 4 Texas 2 0 Southwest
100%
Week 4 (9/28) 3 Texas 3 0 Southwest
100%
Week 5 (10/5) 3 Texas 3 0 Southwest
100%
Week 6 (10/12) 1 Texas 4 0 Southwest
100%
Week 7 (10/19) 10 Texas 4 1 Southwest
100%
Week 8 (10/26) 6 Texas 5 1 Southwest
100%
Week 9 (11/2) 5 Texas 6 1 Southwest
100%
Week 10 (11/9) 10 Texas 6 1 1 Southwest
100%
Week 11 (11/16) 8 Texas 7 1 1 Southwest
100%
Week 12 (11/23) 7 Texas 8 1 1 Southwest
100%
Week 13 (11/30) 6 Texas 9 1 1 Southwest
100%
Postseason 2 Texas 10 1 1 Southwest
100%
Preseason 5 USC 0 0 Pacific-10
100%
Week 1 (9/7) 5 USC 0 0 Pacific-10
100%
Week 2 (9/14) 2 USC 1 0 Pacific-10
100%
Week 3 (9/21) 1 USC 2 0 Pacific-10
100%
Week 4 (9/28) 1 USC 3 0 Pacific-10
100%
Week 5 (10/5) 1 USC 4 0 Pacific-10
100%
Week 6 (10/12) 7 USC 4 1 Pacific-10
100%
Week 7 (10/19) 5 USC 5 1 Pacific-10
100%
Week 8 (10/26) 4 USC 6 1 Pacific-10
100%
Week 9 (11/2) 3 USC 7 1 Pacific-10
100%
Week 10 (11/9) 3 USC 8 1 Pacific-10
100%
Week 11 (11/16) 10 USC 8 2 Pacific-10
100%
Week 12 (11/23) 8 USC 9 2 Pacific-10
100%
Week 13 (11/30) 8 USC 9 2 Pacific-10
100%
Postseason 14 USC 9 3 Pacific-10
100%
Preseason 4 Alabama 0 0 SEC
95%
Week 1 (9/7) 2 Alabama 1 0 SEC
95%
Week 2 (9/14) 12 Alabama 1 1 SEC
95%
Week 3 (9/21) 10 Alabama 2 1 SEC
95%
Week 4 (9/28) 11 Alabama 3 1 SEC
95%
Week 5 (10/5) 7 Alabama 4 1 SEC
95%
Week 6 (10/12) 15 Alabama 4 1 1 SEC
95%
Week 7 (10/19) 11 Alabama 5 1 1 SEC
95%
Week 8 (10/26) 8 Alabama 6 1 1 SEC
95%
Week 9 (11/2) 7 Alabama 7 1 1 SEC
95%
Week 10 (11/9) 6 Alabama 7 1 1 SEC
95%
Week 11 (11/16) 4 Alabama 8 1 1 SEC
95%
Week 12 (11/23) 4 Alabama 8 1 1 SEC
95%
Week 13 (11/30) 3 Alabama 9 1 1 SEC
95%
Postseason 7 Alabama 9 2 1 SEC
95%
Preseason 20 Arizona State 0 0 Pacific-10
95%
Week 1 (9/7) 20 Arizona State 0 0 Pacific-10
95%
Week 2 (9/14) 18 Arizona State 1 0 Pacific-10
95%
Week 3 (9/21) 18 Arizona State 2 0 Pacific-10
95%
Week 6 (10/12) 20 Arizona State 4 1 Pacific-10
95%
Week 7 (10/19) 17 Arizona State 5 1 Pacific-10
95%
Week 8 (10/26) 10 Arizona State 6 1 Pacific-10
95%
Week 9 (11/2) 9 Arizona State 6 1 Pacific-10
95%
Week 10 (11/9) 9 Arizona State 7 1 Pacific-10
95%
Week 11 (11/16) 20 Arizona State 7 2 Pacific-10
95%
Week 12 (11/23) 18 Arizona State 8 2 Pacific-10
95%
Week 13 (11/30) 17 Arizona State 9 2 Pacific-10
95%
Postseason 16 Arizona State 9 2 Pacific-10
95%
Week 3 (9/21) 19 Clemson 3 0 ACC
95%
Week 4 (9/28) 14 Clemson 3 0 ACC
95%
Week 5 (10/5) 9 Clemson 4 0 ACC
95%
Week 6 (10/12) 6 Clemson 5 0 ACC
95%
Week 7 (10/19) 4 Clemson 6 0 ACC
95%
Week 8 (10/26) 3 Clemson 7 0 ACC
95%
Week 9 (11/2) 2 Clemson 8 0 ACC
95%
Week 10 (11/9) 2 Clemson 9 0 ACC
95%
Week 11 (11/16) 2 Clemson 10 0 ACC
95%
Week 12 (11/23) 2 Clemson 11 0 ACC
95%
Week 13 (11/30) 1 Clemson 11 0 ACC
95%
Postseason 1 Clemson 12 0 ACC
95%
Preseason 1 Michigan 0 0 Big Ten
95%
Week 1 (9/7) 1 Michigan 0 0 Big Ten
95%
Week 2 (9/14) 11 Michigan 0 1 Big Ten
95%
Week 3 (9/21) 7 Michigan 1 1 Big Ten
95%
Week 4 (9/28) 8 Michigan 2 1 Big Ten
95%
Week 5 (10/5) 6 Michigan 3 1 Big Ten
95%
Week 6 (10/12) 5 Michigan 4 1 Big Ten
95%
Week 7 (10/19) 18 Michigan 4 2 Big Ten
95%
Week 8 (10/26) 15 Michigan 5 2 Big Ten
95%
Week 9 (11/2) 12 Michigan 6 2 Big Ten
95%
Week 10 (11/9) 11 Michigan 7 2 Big Ten
95%
Week 11 (11/16) 7 Michigan 8 2 Big Ten
95%
Week 12 (11/23) 16 Michigan 8 3 Big Ten
95%
Week 13 (11/30) 16 Michigan 8 3 Big Ten
95%
Postseason 12 Michigan 9 3 Big Ten
95%
Preseason 6 Nebraska 0 0 Big Eight
95%
Week 1 (9/7) 7 Nebraska 0 0 Big Eight
95%
Week 2 (9/14) 17 Nebraska 0 1 Big Eight
95%
Week 3 (9/21) 15 Nebraska 1 1 Big Eight
95%
Week 6 (10/12) 19 Nebraska 3 2 Big Eight
95%
Week 7 (10/19) 15 Nebraska 4 2 Big Eight
95%
Week 8 (10/26) 12 Nebraska 5 2 Big Eight
95%
Week 9 (11/2) 11 Nebraska 6 2 Big Eight
95%
Week 10 (11/9) 7 Nebraska 7 2 Big Eight
95%
Week 11 (11/16) 5 Nebraska 8 2 Big Eight
95%
Week 12 (11/23) 5 Nebraska 9 2 Big Eight
95%
Week 13 (11/30) 4 Nebraska 9 2 Big Eight
95%
Postseason 11 Nebraska 9 3 Big Eight
95%
Preseason 11 Ohio State 0 0 Big Ten
95%
Week 1 (9/7) 11 Ohio State 0 0 Big Ten
95%
Week 2 (9/14) 8 Ohio State 1 0 Big Ten
95%
Week 3 (9/21) 8 Ohio State 2 0 Big Ten
95%
Week 4 (9/28) 7 Ohio State 3 0 Big Ten
95%
Week 5 (10/5) 18 Ohio State 3 1 Big Ten
95%
Week 9 (11/2) 18 Ohio State 6 2 Big Ten
95%
Week 12 (11/23) 15 Ohio State 8 3 Big Ten
95%
Week 13 (11/30) 15 Ohio State 8 3 Big Ten
95%
Postseason 15 Ohio State 9 3 Big Ten
95%
Preseason 7 Penn State 0 0 Independent
95%
Week 1 (9/7) 9 Penn State 0 0 Independent
95%
Week 2 (9/14) 5 Penn State 1 0 Independent
95%
Week 3 (9/21) 3 Penn State 1 0 Independent
95%
Week 4 (9/28) 2 Penn State 2 0 Independent
95%
Week 5 (10/5) 2 Penn State 3 0 Independent
95%
Week 6 (10/12) 2 Penn State 4 0 Independent
95%
Week 7 (10/19) 1 Penn State 5 0 Independent
95%
Week 8 (10/26) 1 Penn State 6 0 Independent
95%
Week 9 (11/2) 6 Penn State 6 1 Independent
95%
Week 10 (11/9) 5 Penn State 7 1 Independent
95%
Week 11 (11/16) 13 Penn State 7 2 Independent
95%
Week 12 (11/23) 11 Penn State 8 2 Independent
95%
Week 13 (11/30) 7 Penn State 9 2 Independent
95%
Postseason 3 Penn State 10 2 Independent
95%
Preseason 13 UCLA 0 0 Pacific-10
95%
Week 1 (9/7) 12 UCLA 0 0 Pacific-10
95%
Week 2 (9/14) 9 UCLA 1 0 Pacific-10
95%
Week 3 (9/21) 6 UCLA 2 0 Pacific-10
95%
Week 4 (9/28) 16 UCLA 2 1 Pacific-10
95%
Week 5 (10/5) 17 UCLA 3 1 Pacific-10
95%
Week 10 (11/9) 18 UCLA 6 2 1 Pacific-10
95%
Week 11 (11/16) 15 UCLA 7 2 1 Pacific-10
95%
Week 12 (11/23) 19 UCLA 7 3 1 Pacific-10
95%
Week 13 (11/30) 19 UCLA 7 3 1 Pacific-10
95%
Preseason 15 Washington 0 0 Pacific-10
95%
Week 1 (9/7) 17 Washington 0 0 Pacific-10
95%
Week 2 (9/14) 15 Washington 1 0 Pacific-10
95%
Week 3 (9/21) 16 Washington 2 0 Pacific-10
95%
Week 4 (9/28) 12 Washington 3 0 Pacific-10
95%
Week 8 (10/26) 18 Washington 6 1 Pacific-10
95%
Week 9 (11/2) 16 Washington 7 1 Pacific-10
95%
Week 11 (11/16) 17 Washington 8 2 Pacific-10
95%
Week 12 (11/23) 12 Washington 9 2 Pacific-10
95%
Week 13 (11/30) 12 Washington 9 2 Pacific-10
95%
Postseason 10 Washington 10 2 Pacific-10
95%
Week 4 (9/28) 19 Arkansas 3 0 Southwest
89%
Week 7 (10/19) 12 Arkansas 5 1 Southwest
89%
Week 8 (10/26) 20 Arkansas 5 2 Southwest
89%
Week 9 (11/2) 19 Arkansas 6 2 Southwest
89%
Week 10 (11/9) 16 Arkansas 7 2 Southwest
89%
Week 11 (11/16) 16 Arkansas 8 2 Southwest
89%
Preseason 16 BYU 0 0 WAC
89%
Week 1 (9/7) 15 BYU 1 0 WAC
89%
Week 2 (9/14) 13 BYU 2 0 WAC
89%
Week 3 (9/21) 11 BYU 3 0 WAC
89%
Week 4 (9/28) 10 BYU 4 0 WAC
89%
Week 5 (10/5) 8 BYU 5 0 WAC
89%
Week 6 (10/12) 17 BYU 5 1 WAC
89%
Week 7 (10/19) 13 BYU 6 1 WAC
89%
Week 11 (11/16) 18 BYU 9 2 WAC
89%
Week 12 (11/23) 14 BYU 10 2 WAC
89%
Week 13 (11/30) 14 BYU 10 2 WAC
89%
Postseason 13 BYU 11 2 WAC
89%
Preseason 17 Florida 0 0 SEC
89%
Preseason 10 Georgia 0 0 SEC
89%
Week 1 (9/7) 6 Georgia 1 0 SEC
89%
Week 2 (9/14) 4 Georgia 2 0 SEC
89%
Week 3 (9/21) 17 Georgia 2 1 SEC
89%
Week 4 (9/28) 13 Georgia 3 1 SEC
89%
Week 5 (10/5) 11 Georgia 3 1 SEC
89%
Week 6 (10/12) 9 Georgia 4 1 SEC
89%
Week 7 (10/19) 7 Georgia 5 1 SEC
89%
Week 8 (10/26) 5 Georgia 6 1 SEC
89%
Week 9 (11/2) 4 Georgia 7 1 SEC
89%
Week 10 (11/9) 4 Georgia 8 1 SEC
89%
Week 11 (11/16) 3 Georgia 9 1 SEC
89%
Week 12 (11/23) 3 Georgia 9 1 SEC
89%
Week 13 (11/30) 2 Georgia 10 1 SEC
89%
Postseason 6 Georgia 10 2 SEC
89%
Week 4 (9/28) 18 Iowa 2 1 Big Ten
89%
Week 5 (10/5) 15 Iowa 3 1 Big Ten
89%
Week 6 (10/12) 12 Iowa 4 1 Big Ten
89%
Week 7 (10/19) 6 Iowa 5 1 Big Ten
89%
Week 8 (10/26) 16 Iowa 5 2 Big Ten
89%
Week 11 (11/16) 19 Iowa 7 3 Big Ten
89%
Week 12 (11/23) 13 Iowa 8 3 Big Ten
89%
Week 13 (11/30) 13 Iowa 8 3 Big Ten
89%
Postseason 18 Iowa 8 4 Big Ten
89%
Week 4 (9/28) 20 Iowa State 3 0 Big Eight
89%
Week 5 (10/5) 12 Iowa State 3 0 1 Big Eight
89%
Week 7 (10/19) 14 Iowa State 4 1 1 Big Eight
89%
Week 8 (10/26) 11 Iowa State 5 1 1 Big Eight
89%
Preseason 8 Pittsburgh 0 0 Independent
89%
Week 1 (9/7) 10 Pittsburgh 1 0 Independent
89%
Week 2 (9/14) 7 Pittsburgh 1 0 Independent
89%
Week 3 (9/21) 5 Pittsburgh 2 0 Independent
89%
Week 4 (9/28) 4 Pittsburgh 2 0 Independent
89%
Week 5 (10/5) 4 Pittsburgh 3 0 Independent
89%
Week 6 (10/12) 3 Pittsburgh 4 0 Independent
89%
Week 7 (10/19) 2 Pittsburgh 5 0 Independent
89%
Week 8 (10/26) 2 Pittsburgh 6 0 Independent
89%
Week 9 (11/2) 1 Pittsburgh 7 0 Independent
89%
Week 10 (11/9) 1 Pittsburgh 8 0 Independent
89%
Week 11 (11/16) 1 Pittsburgh 9 0 Independent
89%
Week 12 (11/23) 1 Pittsburgh 10 0 Independent
89%
Week 13 (11/30) 10 Pittsburgh 10 1 Independent
89%
Postseason 4 Pittsburgh 11 1 Independent
89%
Week 2 (9/14) 20 Wisconsin 1 0 Big Ten
89%
Week 6 (10/12) 14 Wisconsin 4 1 Big Ten
89%
Week 1 (9/7) 16 Miami 1 0 Independent
84%
Week 2 (9/14) 16 Miami 1 0 Independent
84%
Week 3 (9/21) 14 Miami 2 0 Independent
84%
Week 4 (9/28) 17 Miami 2 1 Independent
84%
Week 5 (10/5) 16 Miami 3 1 Independent
84%
Week 6 (10/12) 13 Miami 3 1 Independent
84%
Week 9 (11/2) 13 Miami 5 2 Independent
84%
Week 10 (11/9) 12 Miami 6 2 Independent
84%
Week 11 (11/16) 11 Miami 7 2 Independent
84%
Week 12 (11/23) 9 Miami 8 2 Independent
84%
Week 13 (11/30) 9 Miami 9 2 Independent
84%
Postseason 8 Miami 9 2 Independent
84%
Preseason 14 Mississippi State 0 0 SEC
84%
Week 1 (9/7) 14 Mississippi State 1 0 SEC
84%
Week 2 (9/14) 14 Mississippi State 1 0 SEC
84%
Week 3 (9/21) 12 Mississippi State 2 0 SEC
84%
Week 4 (9/28) 9 Mississippi State 3 0 SEC
84%
Week 5 (10/5) 19 Mississippi State 3 1 SEC
84%
Week 6 (10/12) 16 Mississippi State 4 1 SEC
84%
Week 7 (10/19) 9 Mississippi State 5 1 SEC
84%
Week 8 (10/26) 7 Mississippi State 6 1 SEC
84%
Week 9 (11/2) 15 Mississippi State 6 2 SEC
84%
Week 5 (10/5) 13 Missouri 4 0 Big Eight
84%
Week 6 (10/12) 8 Missouri 5 0 Big Eight
84%
Week 7 (10/19) 19 Missouri 5 1 Big Eight
84%
Postseason 19 Missouri 8 4 Big Eight
84%
Preseason 19 Florida State 0 0 Independent
79%
Week 1 (9/7) 18 Florida State 1 0 Independent
79%
Week 2 (9/14) 19 Florida State 2 0 Independent
79%
Week 5 (10/5) 20 Florida State 3 1 Independent
79%
Week 6 (10/12) 11 Florida State 4 1 Independent
79%
Week 7 (10/19) 20 Florida State 4 2 Independent
79%
Week 8 (10/26) 17 Florida State 5 2 Independent
79%
Week 9 (11/2) 14 Florida State 6 2 Independent
79%
Week 10 (11/9) 20 Florida State 6 3 Independent
79%
Week 3 (9/21) 20 SMU 3 0 Southwest
79%
Week 4 (9/28) 15 SMU 4 0 Southwest
79%
Week 5 (10/5) 14 SMU 4 0 Southwest
79%
Week 6 (10/12) 10 SMU 5 0 Southwest
79%
Week 7 (10/19) 8 SMU 6 0 Southwest
79%
Week 8 (10/26) 13 SMU 6 1 Southwest
79%
Week 9 (11/2) 10 SMU 7 1 Southwest
79%
Week 10 (11/9) 8 SMU 8 1 Southwest
79%
Week 11 (11/16) 6 SMU 9 1 Southwest
79%
Week 12 (11/23) 6 SMU 10 1 Southwest
79%
Week 13 (11/30) 5 SMU 10 1 Southwest
79%
Postseason 5 SMU 10 1 Southwest
79%
Preseason 18 Stanford 0 0 Pacific-10
79%
Week 1 (9/7) 19 Stanford 0 0 Pacific-10
79%
Week 6 (10/12) 18 Washington State 5 0 Pacific-10
79%
Week 7 (10/19) 16 Washington State 5 0 1 Pacific-10
79%
Week 8 (10/26) 14 Washington State 6 0 1 Pacific-10
79%
Week 10 (11/9) 17 Washington State 7 1 1 Pacific-10
79%
Week 11 (11/16) 14 Washington State 8 1 1 Pacific-10
79%
Week 12 (11/23) 20 Washington State 8 2 1 Pacific-10
79%
Week 13 (11/30) 20 Washington State 8 2 1 Pacific-10
79%
Preseason 12 North Carolina 0 0 ACC
74%
Week 1 (9/7) 13 North Carolina 0 0 ACC
74%
Week 2 (9/14) 10 North Carolina 1 0 WAC
74%
Week 3 (9/21) 9 North Carolina 2 0 ACC
74%
Week 4 (9/28) 6 North Carolina 3 0 ACC
74%
Week 5 (10/5) 5 North Carolina 4 0 ACC
74%
Week 6 (10/12) 4 North Carolina 5 0 ACC
74%
Week 7 (10/19) 3 North Carolina 6 0 ACC
74%
Week 8 (10/26) 9 North Carolina 6 1 ACC
74%
Week 9 (11/2) 8 North Carolina 7 1 ACC
74%
Week 10 (11/9) 13 North Carolina 7 2 ACC
74%
Week 11 (11/16) 12 North Carolina 8 2 ACC
74%
Week 12 (11/23) 10 North Carolina 9 2 ACC
74%
Week 13 (11/30) 11 North Carolina 9 2 ACC
74%
Postseason 9 North Carolina 10 2 ACC
74%
Postseason 17 West Virginia 9 3 Independent
47%
Week 9 (11/2) 20 Southern Miss 6 0 1 Independent
16%
Week 10 (11/9) 14 Southern Miss 7 0 1 Independent
16%
Week 11 (11/16) 9 Southern Miss 8 0 1 Independent
16%
Week 12 (11/23) 17 Southern Miss 8 1 1 Independent
16%
Week 13 (11/30) 18 Southern Miss 9 1 1 Independent
16%
Week 10 (11/9) 19 Hawai'i 7 0 WAC
11%
No matching quizzes found
Score Distribution
Percent of People with Each Score
Percentile by Number Answered
Your Score History
You have not taken this quiz